000 00208nam a22000977a 4500
003 OSt
008 210113b ||||| |||| 00| 0 eng d
100 _aM. R. B
_94811
245 _aKinavil oru yathra
942 _cBK
999 _c16412
_d16412